| 000 | 00401nam a2200145Ia 4500 | ||
|---|---|---|---|
| 008 | 210210b1993 xxu||||| |||| 00| 0 eng d | ||
| 020 | _a81 7033 211 6 | ||
| 082 | _a305.5 MOHS | ||
| 100 | _aMOHANTI (K K). | ||
| 245 | _aSocial mobility and caste dynamics. The Kansari of Orissa. | ||
| 260 |
_aJaipur. _bRawat Publications., _c1993 |
||
| 300 | _aviii,256 | ||
| 690 | _aSocial Classes | ||
| 906 | _a048574 | ||
| 999 |
_c97305 _d97305 |
||